000 00323nam a22001337a 4500
020 _a81 207 1469 5
082 _a825
_bDIN/H
100 _aDINES,JESS E.
245 _aHANDWRITING ANALYSIS MADE EASY
260 _aNEW ELHI
_bSTERLING PAPER BACKS
300 _a116
650 _aHANDWRITING ANALYSIS
_zNEW DELHI
942 _cBK
999 _c3835
_d3835